00651nam a22001817a 450000500170000000800410001702000150005805000210007310000580009424500980015226000300025030000230028049000400030365000210034365000240036465000340038870000470042220211206145154.0211206b sp ||||| |||| 00| 0 spa d a842491870304aBL610 bJ36 19971 aJámblico, daproximadamente 250-aproximadamente 33010aSobre los misterios egipcios /cJamblico ; introd., tr. y notas de Enrique Angel Ramos Jurado aMadrid : bGredos, c1997 a236 p. ; c20 cm.  aBiblioteca Clásica Gredos ; v242 72lembaMisticismo 72lembaDemonología 72lembaReligiónxFilosofía1 aRamos Jurado, Enrique Angel, eprologuista